Inventúra, inventarizácia

Enregistré dans:
Détails bibliographiques
Auteur principal: Škultéty, Jozef
Format: Chapitre de livre
Langue:slovaque
Tags: Ajouter un tag
Pas de tags, Soyez le premier à ajouter un tag!

MARC

LEADER 00000naa$a2200000$$$4500
001 0061137
005 20240502071701.5
041 0 |a slo 
044 |a SK 
245 1 0 |a Inventúra, inventarizácia  |c Jozef Škultéty 
100 1 |a Škultéty, Jozef